Digital television fundamentals : (Record no. 2553)

000 -LEADER
fixed length control field nam a22 7a 4500
005 - DATE AND TIME OF LATEST TRANSACTION
control field 20170517111138.0
008 - FIXED-LENGTH DATA ELEMENTS--GENERAL INFORMATION
fixed length control field 170517b2000 enk||||| |||| 00| 0 eng d
020 ## - INTERNATIONAL STANDARD BOOK NUMBER
International Standard Book Number 0071355812 :
Terms of availability No price
040 ## - CATALOGING SOURCE
Original cataloging agency AKMAL
082 ## - DEWEY DECIMAL CLASSIFICATION NUMBER
Classification number 621.388 ROB
090 ## - LOCALLY ASSIGNED LC-TYPE CALL NUMBER (OCLC); LOCAL CALL NUMBER (RLIN)
Classification number (OCLC) (R) ; Classification number, CALL (RLIN) (NR) 621.388
Local cutter number (OCLC) ; Book number/undivided call number, CALL (RLIN) ROB
100 1# - MAIN ENTRY--PERSONAL NAME
Personal name Robin, Michael,
Dates associated with a name 1929-
9 (RLIN) 5317
245 10 - TITLE STATEMENT
Title Digital television fundamentals :
Remainder of title design and installation of video and audio systems /
Statement of responsibility, etc. Michael Robin, Michel Poulin.
250 ## - EDITION STATEMENT
Edition statement 2nd ed
260 ## - PUBLICATION, DISTRIBUTION, ETC.
Place of publication, distribution, etc. New York ;
-- London :
Name of publisher, distributor, etc. McGraw-Hill,
Date of publication, distribution, etc. c2000
300 ## - PHYSICAL DESCRIPTION
Extent xv, 730 p. :
Other physical details ill. ;
Dimensions 25 cm
490 0# - SERIES STATEMENT
Series statement McGraw-Hill video & audio books
500 ## - GENERAL NOTE
General note Previous ed.: 1998.
500 ## - GENERAL NOTE
General note Includes index.
650 #0 - SUBJECT ADDED ENTRY--TOPICAL TERM
Topical term or geographic name entry element Digital television.
9 (RLIN) 5318
700 1# - ADDED ENTRY--PERSONAL NAME
Personal name Poulin, Michel.
9 (RLIN) 5319
942 ## - ADDED ENTRY ELEMENTS (KOHA)
Source of classification or shelving scheme
Koha item type Book
Holdings
Withdrawn status Lost status Source of classification or shelving scheme Damaged status Not for loan Collection code Home library Current library Shelving location Date acquired Inventory number Total Checkouts Full call number Barcode Date last seen Price effective from Koha item type
          NON-FICTION AKMAL Melaka AKMAL Melaka PINJAMAN 17.05.2017 601986   621.388 ROB 201703389 17.05.2017 17.05.2017 Book
Pusat Sumber Maklumat Dato' Haji Sarmin Md Hussin, Akademi Kastam Diraja Malaysia, Melaka
Tel: 06-2331106 | Faks: 06-2313787